000 01082nam a22002297a 4500
005 20210325191732.0
008 s2527 th tha d
020 _a9745640115
041 _atha
090 _aว KO30 ส282ป 2527
100 0 _aสมศักดิ์ ขวัญแก้ว
245 1 0 _aปัญหาทางกฎหมายและการบริหารเกี่ยวกับที่ราชพัสดุ
260 3 _aม.ป.ท. :
_bจุฬาลงกรณ์มหาวิทยาลัย,
_c2527
300 _a282 หน้า :
_b ตาราง ;
_c 29 ซม.
650 0 4 _aกฎหมาย -- วิทยานิพนธ์
650 0 4 _aที่ดินราชพัสดุ -- กฎหมายและระเบียบข้อบังคับ
650 0 4 _aที่ราชพัสดุ -- กฎหมายและระเบียบข้อบังคับ
850 _aNALT
942 _cRSH
997 _c000000000029396
_kVC
998 _aBENJALUCK SUTTHIWILAI
999 _c29396
_d29396